[Event "World Seniors"]
[Site "Rowy POL"]
[Date "2000.09.22"]
[Round "10"]
[White "Gurgenidze,B"]
[Black "Mosionzhik,I"]
[Result "1-0"]
[WhiteElo "2278"]
[BlackElo "2267"]

1.Nf3 d5 2.c4 dxc4 3.Na3 f6 4.Nxc4 e5 5.d3 Bb4+ 6.Bd2 Bxd2+ 7.Ncxd2 Ne7 8.Rc1 O-O
9.g3 Na6 10.Bg2 Be6 11.a3 c5 12.O-O Rc8 13.Qc2 Nc6 14.Qb1 Bd5 15.Rfe1 b6
16.e3 Rc7 17.Bf1 Nab8 18.b4 cxb4 19.axb4 Ne7 20.d4 exd4 21.Nxd4 Rxc1 22.Rxc1 Nbc6
23.N2f3 Qd6 24.b5 Nxd4 25.Nxd4 Rc8 26.Rxc8+ Nxc8 27.Bd3 g6 28.h4 Kf7 29.h5 Ne7
30.hxg6+ hxg6 31.Be4 Bc4 32.Qc2 Qc5 33.Qa4 f5 34.Bg2 Kf6 35.Qxa7 Bxb5 36.Qb8 Kg7
37.Ne6+  1-0

[Event "Banc Post Int"]
[Site "Miercurea Ciuc ROM"]
[Date "2000.09.23"]
[Round "7"]
[White "Badea,B"]
[Black "Gamback,B"]
[Result "1-0"]
[WhiteElo "2480"]
[BlackElo "2235"]

1.Nf3 d5 2.c4 e6 3.g3 c5 4.cxd5 exd5 5.d4 Nf6 6.Bg2 Be7 7.O-O O-O 8.dxc5 Bxc5
9.Nc3 Nc6 10.b3 Re8 11.Bb2 Bg4 12.h3 Be6 13.Rc1 Bf8 14.e3 Rc8 15.Ne2 Ne4
16.Nf4 Qd7 17.Nd4 Nc5 18.Ndxe6 fxe6 19.Qg4 Qf7 20.Nxd5 Nd3 21.Nf6+ Kh8 22.Nxe8 Nxb2
23.Qe2 Rxe8 24.Qxb2 Bd6 25.Bxc6 bxc6 26.Rxc6 Bb8 27.Qc2 h5 28.Rc8 h4 29.Rxe8+ Qxe8
30.Rc1 Bd6 31.Qc8 Qxc8 32.Rxc8+ Kh7 33.Rc6 Bb8 34.g4 e5 35.b4  1-0

[Event "V ECC Women"]
[Site "Halle GER"]
[Date "2000.09.30"]
[Round "7"]
[White "Timurova,L"]
[Black "Prudnikova,S"]
[Result "1/2-1/2"]
[WhiteElo "2183"]
[BlackElo "2428"]

1.Nf3 d5 2.c4 d4 3.e3 Nc6 4.exd4 Nxd4 5.Nxd4 Qxd4 6.Nc3 e5 7.d3 Ne7 8.Be3 Qd8
9.d4 exd4 10.Qxd4 Qxd4 11.Bxd4 Nc6 12.Be3 Bb4 13.Bf4 Be6 14.Bxc7 Rc8 15.Bf4 Na5
16.c5 Rxc5 17.Bd6 Bxc3+ 18.bxc3 Rd5 19.Ba3 Re5+ 20.Kd2 Kd7 21.Bd3 Rd8 22.Kc2 Kc7
23.Bc1 Bf5 24.Bxf5 Rxf5 25.Be3 Nc4 26.Bd4 f6 27.Rhe1 Rd7 28.Re2 Rb5 29.Kd3 Ne5+
30.Kc2 Nc4 31.Kd3 Nd6 32.Kc2 b6 33.f3 Ra5 34.Bf2 Kb7 35.Rae1 Re5 36.Kb3 Rb5+
37.Kc2 Nc4 38.Bd4 Rb2+ 39.Kc1 Rb5 40.Kc2 Rc7 41.Kd3 Rd5 42.Kc2 Na3+ 43.Kd3 Rdd7
44.Rb2 Nc4 45.Rbe2 Ne5+ 46.Kd2 Rd5 47.Rd1 Nc6 48.Ke1 Rcd7 49.Red2 Ka6 50.Ke2 Na5
51.Kd3 Nc6 52.Ke2 Ne7 53.Ke3 Nf5+ 54.Ke4 Ra5 55.g3 Kb7 56.f4 Kc6 57.Bg1 Rxd2
58.Rxd2 Nd6+ 59.Kd3 Rd5+ 60.Bd4 Nf5 61.g4 Nxd4 62.cxd4 g6 63.h4 Ra5 64.Kc4 b5+
65.Kb3 Ra4 66.h5 Kd5 67.hxg6 hxg6 68.g5 fxg5 69.fxg5 a5 70.Rf2 Rxd4 71.Rf6 Rd3+
72.Kc2 Rg3 73.Rxg6 Kc4 74.Rg8 Rg2+ 75.Kb1 Kb4 76.g6 Ka3 77.g7 a4 78.Rb8 Rg1+
79.Kc2 Rxg7 80.Rxb5 Kxa2 81.Rb2+ Ka3 82.Rb8 Ka2 83.Rb2+ Ka3 84.Rb8 Rg3 85.Rb1 Rg2+
86.Kc3 Ka2 87.Rc1 Rg3+ 88.Kc2 a3 89.Rf1 Rg2+ 90.Kc3 Rg3+ 91.Kc2 Rg6 92.Rf2 Rb6
93.Rf1 Rb2+ 94.Kc3 Rb1 95.Rf2+ Ka1 96.Rg2 Rf1 97.Kb3  1/2-1/2

[Event "1st European Blitz Ch"]
[Site "Neum BIH"]
[Date "2000.10.04"]
[Round "6"]
[White "Sherbakov,R"]
[Black "Sokolov,I"]
[Result "1/2-1/2"]
[WhiteElo "2558"]
[BlackElo "2611"]

1.Nf3 d5 2.c4 c6 3.d4 Nf6 4.Qc2 g6 5.e3 Bg7 6.Nc3 O-O 7.cxd5 cxd5 8.Be2 Nc6
9.a3 Bf5 10.Qb3 Na5 11.Qb4 Rc8 12.O-O a6 13.a4 Re8 14.Qa3 Nc4 15.Qa2 Ne4
16.Nxe4 Bxe4 17.b3 Nd6 18.Nd2 Rc2 19.Qa3 e5 20.Nxe4 dxe4 21.Bd1 Rc8 22.dxe5 Bxe5
23.Bb2 Qf6 24.Bxe5 Qxe5 25.Rc1 h5 26.Be2 Nf5 27.g3 Rc3 28.Qb2 Rxc1 29.Qxc1 Re7
30.Qd2 Rc7 31.Rc1 Qd6 32.Qb2 Rxc1+ 33.Qxc1 Qb4 34.Qc2 Nd6 35.Kf1 b5 36.axb5 axb5
37.h4 Kg7 38.Qd1 Qc5 39.Qa1+ Kg8 40.Qf6 b4 41.Kg2 Qd5 42.Qb2 Qc5 43.Qf6 Qd5  1/2-1/2

[Event "Cup Rectora"]
[Site "Kharkov UKR"]
[Date "2000.10.05"]
[Round "5"]
[White "Berezin,O"]
[Black "Nikitin,An"]
[Result "1/2-1/2"]
[WhiteElo "2453"]
[BlackElo "2431"]

1.Nf3 d5 2.c4 e6 3.g3 Nf6 4.Bg2 Be7 5.O-O O-O 6.b3 a5 7.Nc3 d4 8.Nb5 Nc6
9.e3 e5 10.exd4 exd4 11.d3 Bg4 12.h3 Bh5 13.Bf4 Rc8 14.g4 Bg6 15.Nh4 Qd7
16.Bg3 Ne8 17.Nxg6 hxg6 18.Re1 Nd8 19.Qc1 c6 20.Na3 Ne6 21.Nc2 Bd6 22.Qd2 Ra8
23.Re2  1/2-1/2

[Event "EuYCh B16"]
[Site "Halkidiki GRE"]
[Date "2000.10.07"]
[Round "6"]
[White "Werle,J"]
[Black "Chapar,S"]
[Result "1-0"]
[WhiteElo "2311"]
[BlackElo "2359"]

1.Nf3 d5 2.c4 e6 3.d4 c6 4.Qc2 Nf6 5.Bg5 h6 6.Bxf6 Qxf6 7.Nbd2 Nd7 8.g3 Bb4
9.Rd1 O-O 10.Bg2 e5 11.cxd5 cxd5 12.dxe5 Nxe5 13.O-O Rd8 14.Nxe5 Qxe5 15.Nf3 Qf6
16.Qb3 Bf8 17.Nd4 Bc5 18.e3 Bg4 19.Rd2 Rd7 20.Rc1 b6 21.Qa4 Rad8 22.Nc6 d4
23.exd4 Rxd4 24.Nxd4 Rxd4 25.Rxd4 Bxd4 26.Kh1 Bf3 27.Rc8+ Kh7 28.Qc2+ g6
29.Bxf3 Qxf3+ 30.Kg1 a5 31.b3 h5 32.Qd2 Bc5 33.Re8 h4 34.Qe2 Qf6 35.Kg2 Qc6+
36.Qe4 h3+ 37.Kxh3 Qd7+ 38.Kg2 Kg7 39.Qe5+ f6 40.Qe6  1-0

[Event "It"]
[Site "Medellin COL"]
[Date "2000.10.10"]
[Round "15"]
[White "Pazos,P"]
[Black "Echavarria,J"]
[Result "1/2-1/2"]
[WhiteElo "2363"]
[BlackElo "2328"]

1.Nf3 d5 2.c4 c6 3.cxd5 cxd5 4.d4 Nf6 5.Nc3 Nc6 6.Bf4 Ne4 7.e3 Nxc3 8.bxc3 g6
9.Be2 Bg7 10.O-O O-O 11.h3 Na5 12.Nd2 Be6 13.Qa4 b6 14.Rfc1 a6 15.Qb4 Nc6
16.Qb2 Bf5 17.c4 e5 18.dxe5 dxc4 19.Rxc4 Nxe5 20.Bxe5 Bxe5 21.Qxe5 Qxd2 22.Bf3 Rac8
23.Qd4 Qxd4 24.Rxd4 Rc2 25.Rb4 Rb8 26.a4 a5 27.Rd4 Rb2 28.Rc1 Kg7 29.Rc7 Rc8
30.Rxc8 Bxc8 31.Bc6 Ba6 32.Rd6 Bc4 33.e4 b5 34.Bxb5 Bxb5 35.axb5 Rxb5 36.Ra6 Rb1+
37.Kh2 Ra1 38.f4  1/2-1/2

[Event "Veselin Boskovic Mem"]
[Site "Belgrade YUG"]
[Date "2000.10.12"]
[Round "9"]
[White "Damljanovic,B"]
[Black "Markovic,Miros"]
[Result "1-0"]
[WhiteElo "2559"]
[BlackElo "2558"]

1.Nf3 d5 2.c4 c6 3.d4 Nf6 4.Qc2 g6 5.Bf4 Bg7 6.e3 Bf5 7.Qb3 Qb6 8.Nc3 Na6
9.c5 Qxb3 10.axb3 Nb4 11.Ra4 Nd3+ 12.Bxd3 Bxd3 13.Kd2 Bb5 14.Nxb5 cxb5 15.Ra5 a6
16.Rc1 Ne4+ 17.Ke2 Kd7 18.h3 Rhc8 19.Raa1 f6 20.Bh2 e6 21.b4 Kc6 22.h4 g5
23.hxg5 Nxg5 24.Nd2 e5 25.Nb3 Ne6 26.Rd1 exd4 27.Na5+ Kd7 28.Nxb7 f5 29.Na5 Ke7
30.exd4 f4 31.Nb3 Rg8 32.Kf1 Bf6 33.Re1 Kf7 34.Rxe6 Kxe6 35.Bxf4 Kf5 36.Bd6 Rg4
37.g3 h5 38.f3 Rg6 39.Kf2 Ke6 40.Rh1 Rh8 41.Bf4 Kd7 42.Be5 h4 43.g4 h3 44.Bxf6 Rxf6
45.Nc1 Rhf8 46.Rxh3 Rf4 47.Ke3  1-0

[Event "IV Copa Itau"]
[Site "Sao Paulo BRA"]
[Date "2000.10.21"]
[Round "6"]
[White "Martinez,CA"]
[Black "Moyses,I"]
[Result "1-0"]
[WhiteElo "2431"]
[BlackElo "2090"]

1.Nf3 d5 2.c4 e6 3.g3 Nf6 4.Bg2 c6 5.cxd5 exd5 6.O-O Be7 7.d3 Bg4 8.Nbd2 Qc8
9.e4 dxe4 10.dxe4 O-O 11.Qc2 Na6 12.Re1 Re8 13.Nc4 h6 14.Bd2 Nc7 15.Bc3 Nb5
16.Nd4 Nxc3 17.Qxc3 Bh3 18.Rad1 Bxg2 19.Kxg2 c5 20.Nf5 Qe6 21.Ncd6 Bxd6 22.Rxd6 Qe5
23.Qxe5 Rxe5 24.f3 Kf8 25.Red1 h5 26.h3 Ne8 27.Rd7 g6 28.Ne3 Re7 29.Rd8 Rxd8
30.Rxd8 b6 31.Nd5 Re6 32.Ra8 f5 33.exf5 gxf5 34.Kf2 a6 35.Nc7 Re7 36.Nxe8 Rxe8
37.Rxa6 Re6 38.Ra7 Kg8 39.Rb7 c4 40.Rc7 b5 41.Rc5  1-0

[Event "22nd Open"]
[Site "Arco ITA"]
[Date "2000.10.24"]
[Round "4"]
[White "Trauth,M"]
[Black "Doppelhammer,H"]
[Result "1-0"]
[WhiteElo "2221"]
[BlackElo "2111"]

1.Nf3 d5 2.c4 c6 3.g3 Nf6 4.Bg2 g6 5.b3 Bg7 6.Bb2 O-O 7.O-O Nbd7 8.d3 Re8
9.Nbd2 e5 10.cxd5 cxd5 11.e4 b6 12.exd5 Nxd5 13.Nc4 Ba6 14.Re1 f6 15.Nh4 Nc7
16.Bxa8 Qxa8 17.d4 e4 18.Rc1 Nd5 19.Nd6 Re6 20.Nxe4 Nb4 21.Nc3 Qe8 22.d5 Rxe1+
23.Qxe1 Qxe1+ 24.Rxe1 Nd3 25.Re7 N7e5 26.Rxa7  1-0

[Event "34th Olympiad"]
[Site "Istanbul TUR"]
[Date "2000.10.28"]
[Round "1"]
[White "Farleigh,R"]
[Black "Rytshagov,M"]
[Result "0-1"]
[WhiteElo "2199"]
[BlackElo "2529"]

1.Nf3 d5 2.c4 d4 3.b4 f6 4.e3 e5 5.Qb3 Nh6 6.Bb2 c5 7.bxc5 Nc6 8.exd4 exd4
9.Be2 Bxc5 10.O-O O-O 11.d3 Re8 12.Bd1 a5 13.a3 a4 14.Qc2 Bf5 15.Nbd2 Qd7
16.Nh4 Be6 17.Ne4 Be7 18.Nf3 Nf7 19.Rb1 f5 20.Ng3 Bc5 21.Bc1 b6 22.Ne2 Qd8
23.Nf4 Bd7 24.Nd5 Ne7 25.Ng5 Nxd5 26.Nxf7 Kxf7 27.cxd5 Rc8 28.Qa2 Bd6 29.Bd2 b5
30.Bb4 Qf6 31.Bf3 g6 32.Bxd6 Qxd6 33.Rb4 Rc3 34.h4 Rxd3 35.h5 Kg7 36.Be2 Rb3
37.Rxd4 Qxa3 38.Qd2 Qb2 39.h6+ Kf7 40.Qxb2 Rxb2 41.Bf3 a3  0-1

[Event "22nd Open"]
[Site "Arco ITA"]
[Date "2000.10.29"]
[Round "9"]
[White "Trauth,M"]
[Black "Lettich,S"]
[Result "1-0"]
[WhiteElo "2221"]
[BlackElo "2078"]

1.Nf3 d5 2.c4 e6 3.g3 Nf6 4.b3 c6 5.Bg2 Be7 6.O-O Nbd7 7.Bb2 O-O 8.d3 c5
9.e3 b6 10.Nc3 Bb7 11.Qe2 a6 12.Rfd1 Qc7 13.Rac1 Rac8 14.cxd5 exd5 15.d4 Qb8
16.Ne5 Rcd8 17.Nxd7 Rxd7 18.dxc5 bxc5 19.Na4 Qa7 20.Bxf6 Bxf6 21.Nxc5 Rdd8
22.Nxb7 Qxb7 23.Rc5 Qb6 24.Rcxd5 Rxd5 25.Bxd5 a5 26.Qc4 Qb4 27.Qc7 g6 28.Bc4  1-0

[Event "34th Olympiad"]
[Site "Istanbul TUR"]
[Date "2000.10.29"]
[Round "2"]
[White "Valdes,Le"]
[Black "Hodgson,Ju"]
[Result "1-0"]
[WhiteElo "2308"]
[BlackElo "2640"]

1.Nf3 d5 2.c4 c6 3.b3 Nf6 4.g3 Qb6 5.cxd5 cxd5 6.Bb2 Nc6 7.Bg2 Bg4 8.O-O Bxf3
9.Bxf3 e6 10.Nc3 Be7 11.e3 O-O 12.d4 Rac8 13.Qe2 Qa5 14.a3 Qb6 15.b4 Ne8
16.Na4 Qd8 17.e4 dxe4 18.Bxe4 Nf6 19.Bg2 Nd5 20.Nc5 Bxc5 21.dxc5 Qg5 22.Rad1 Rfd8
23.h4 Qg6 24.Rd2 a5 25.Bxd5 exd5 26.b5 Re8 27.Qf3 Ne7 28.Re1 Nf5 29.Rxe8+ Rxe8
30.Kh2 Ne7 31.Re2 Kf8 32.a4 h5 33.Ba3 f5 34.c6 bxc6 35.b6 c5 36.Bxc5  1-0

[Event "34th Olympiad"]
[Site "Istanbul TUR"]
[Date "2000.10.30"]
[Round "3"]
[White "Delchev,A"]
[Black "Mitkov,N"]
[Result "1-0"]
[WhiteElo "2557"]
[BlackElo "2532"]

1.Nf3 d5 2.c4 e6 3.g3 dxc4 4.Qa4+ Nd7 5.Bg2 a6 6.Qxc4 b5 7.Qc2 Bb7 8.O-O c5
9.a4 Rc8 10.d3 Qb6 11.axb5 axb5 12.Nc3 Ngf6 13.Qb3 Bc6 14.Nh4 c4 15.dxc4 Bxg2
16.Nxg2 bxc4 17.Qxb6 Nxb6 18.Be3 Nbd7 19.Rfd1 Rb8 20.Bf4 e5 21.Bg5 Bc5 22.Ra4 O-O
23.Rxc4 Bd4 24.Bc1 Rfc8 25.Rxc8+ Rxc8 26.Nb5 Bb6 27.Nc3 Bd4 28.Nb5 Bb6 29.h3 h6
30.Na3 Bd4 31.Nb5 Bb6 32.Nd6 Rc2 33.Kf1 Bd4 34.Ne1 Rc6 35.Nf5 Bc5 36.Be3 Bf8
37.Rc1 Ra6 38.Rc8 Kh7 39.g4 Ra2 40.Bc1 g6 41.Ng3 Ra1 42.e4 Bc5 43.Nd3 Bd4
44.Rc2 Nf8 45.f3 N6d7 46.Ne2 Be3 47.Kg2 Bxc1 48.Rxc1 Ra7 49.Nc3 Rb7 50.Nd5 Ne6
51.h4 Kg7 52.Kf2 Ra7 53.N5b4 Rb7 54.Nc6 Kf6 55.b4 Rb6 56.Ke3 Ra6 57.Na5 Rb6
58.Rc6 Rxc6 59.Nxc6 Nc7 60.Na5 Nb6 61.Nc5 Nb5 62.Nc6 Na3 63.Kd3 Nb5 64.Kc2 Nc4
65.Kd3 Nb2+ 66.Ke2 Nc4 67.Na4 Ncd6 68.Kd3 Nc8 69.Kc4 Nc7 70.Nc3 Ke6 71.Nd8+ Ke7
72.Nb7 Ne6 73.Nd5+ Ke8 74.b5 Nd4 75.f4 Nf3 76.f5 gxf5 77.gxf5 Nxh4 78.Nf6+ Kf8
79.Kc5 Nf3 80.Nd6 Nxd6 81.Kxd6 Nd2 82.b6 Nc4+ 83.Kc7 Na5 84.b7 Nxb7 85.Kxb7 Ke7
86.Nh5 Kd6 87.Kb6 Kd7 88.Kc5 Ke7 89.Kd5 f6 90.Kc6  1-0

[Event "34th Olympiad"]
[Site "Istanbul TUR"]
[Date "2000.10.30"]
[Round "3"]
[White "Johansen,D"]
[Black "Hussein,NA"]
[Result "1-0"]
[WhiteElo "2505"]
[BlackElo "2350"]

1.Nf3 d5 2.c4 c6 3.d4 e6 4.Qc2 f5 5.g3 Bd6 6.Bg2 Ne7 7.O-O Nd7 8.b3 O-O 9.Ba3 Qc7
10.c5 Bxg3 11.fxg3 Ng6 12.e3 e5 13.dxe5 Ndxe5 14.Nbd2 Ng4 15.Rfe1 Bd7 16.Bb2 Rae8
17.Nf1 h5 18.Rad1 h4 19.gxh4 Re4 20.h5 Nh8 21.h3 Nh6 22.Qf2 Be8 23.Ng5 Qe7
24.Nxe4 fxe4 25.Qg3 Nf5 26.Qe5 Qg5 27.Qf4 Qxf4 28.exf4 Bxh5 29.Bxe4 Nh4 30.Bh1 N8g6
31.Rd2 Nxf4 32.Kh2 Bf7 33.Re7 b6 34.Ba3 b5 35.Rxa7 Re8 36.Rf2 g5 37.Bc1 Nhg6
38.Bxf4 gxf4 39.Nd2 Re3 40.Nf3 Be6 41.Rc7 d4 42.Nxd4  1-0

[Event "34th Olympiad"]
[Site "Istanbul TUR"]
[Date "2000.10.31"]
[Round "4"]
[White "Gentilleau,JP"]
[Black "Leyva,H"]
[Result "0-1"]
[WhiteElo "2177"]
[BlackElo "2409"]

1.Nf3 d5 2.c4 e6 3.g3 dxc4 4.Qa4+ Nd7 5.Qxc4 c5 6.Bg2 a6 7.a4 b5 8.Qc2 Bb7
9.O-O Ngf6 10.b3 Be7 11.Bb2 O-O 12.d3 Qb6 13.Nbd2 Nd5 14.Rfc1 Nb4 15.Qd1 Bf6
16.Bxf6 Nxf6 17.Ng5 Bxg2 18.Kxg2 Rac8 19.axb5 axb5 20.Nge4 Nfd5 21.Nf3 f5
22.Nc3 Nxc3 23.Rxc3 Nd5 24.Rcc1 b4 25.d4 Nc3 26.dxc5 Rxc5 27.Qd3 Rc6 28.Ne5 Rd6
29.Qf3 Qb5 30.Nc4 Ra6 31.e3 h6 32.h3 Kh7 33.Kh2 Rd8 34.Qh5 Rda8 35.Rxa6 Rxa6
36.Rc2 Ra1 37.Qf3 Ne4 38.g4 Qd5 39.gxf5 exf5 40.Rd2 Qe6 41.Rc2 Qg6 42.Qg2 Qe6
43.f3 Nc3 44.Qg3 Ra2 45.Rxa2 Nxa2 46.Qd6 Qxd6+ 47.Nxd6 Nc1 48.Nxf5 Nxb3  0-1

[Event "4th OIBM"]
[Site "Bad Wiessee GER"]
[Date "2000.11.01"]
[Round "5"]
[White "Gavrikov,Vi"]
[Black "Graf,C"]
[Result "1-0"]
[WhiteElo "2549"]
[BlackElo "2236"]

1.Nf3 d5 2.c4 c6 3.e3 Nf6 4.Nc3 Bg4 5.h3 Bxf3 6.Qxf3 e6 7.d4 Be7 8.Bd3 Nbd7
9.O-O O-O 10.Rd1 Qa5 11.Bd2 dxc4 12.Bxc4 Qf5 13.Qe2 Qh5 14.Qf1 g5 15.f3 Qg6
16.e4 e5 17.Be3 exd4 18.Bxd4 Bc5 19.Bxc5 Nxc5 20.e5 Nh5 21.Qf2 Ne6 22.Ne4 Qg7
23.Nd6 Nhf4 24.Nxb7 Qxe5 25.Rd7 Nd5 26.Re1 Qb8 27.Na5 Qb4 28.Bxd5 cxd5 29.Rxd5 Qb6
30.Nc4 Qxf2+ 31.Kxf2 Rfd8 32.Red1 Kf8 33.Rxd8+ Rxd8 34.Rxd8+ Nxd8 35.b4 Ke7
36.Ke3 Ke6 37.Kd4 h5 38.b5 h4 39.a4 f6 40.a5 Kf5 41.Kd5 Kf4 42.a6  1-0

[Event "34th Olympiad"]
[Site "Istanbul TUR"]
[Date "2000.11.02"]
[Round "6"]
[White "Sommerbauer,N"]
[Black "Mynn Htoo"]
[Result "1/2-1/2"]
[WhiteElo "2391"]
[BlackElo "2479"]

1.Nf3 d5 2.c4 c6 3.cxd5 cxd5 4.d4 Nf6 5.Nc3 e6 6.Bf4 Bd6 7.e3 O-O 8.Bd3 Nc6
9.O-O a6 10.Rc1 Ne7 11.Bxd6 Qxd6 12.Ne5 Bd7 13.Qb3 Rab8 14.Na4 Bxa4 15.Qxa4 Rfd8
16.Rc2 Ne8 17.h3 f6 18.Nf3 e5 19.dxe5 fxe5 20.e4 Nf6 21.Re1 Nxe4 22.Bxe4 dxe4
23.Qxe4 Ng6 24.Nxe5 Nxe5 25.Qxe5 Qxe5 26.Rxe5 Rd1+ 27.Kh2 Rd7 28.Rec5 Re8
29.Rc7 Ree7 30.Rxd7 Rxd7 31.Kg3 Kf7 32.Kf4 Kf6 33.g4 g5+ 34.Kg3 h6 35.Re2 Rd1
36.Rc2 Ra1 37.Rc7 Rxa2 38.Rxb7 a5 39.Rb6+ Kg7 40.Rb7+ Kf6 41.h4 a4 42.h5 a3
43.bxa3 Rxa3+ 44.f3 Ra6 45.Rh7 Ke5 46.Rg7 Rb6 47.Rf7 Rf6 48.Rd7 Rd6 49.Re7+ Re6
50.Rd7 Rd6 51.Rxd6 Kxd6 52.Kf2 Ke5 53.Ke3 Kd5  1/2-1/2

[Event "34th Olympiad"]
[Site "Istanbul TUR"]
[Date "2000.11.02"]
[Round "6"]
[White "Ionescu,Co"]
[Black "Soppe,G"]
[Result "1-0"]
[WhiteElo "2492"]
[BlackElo "2471"]

1.Nf3 d5 2.c4 e6 3.g3 c6 4.b3 Nf6 5.Bg2 a5 6.O-O a4 7.Ba3 Bxa3 8.Nxa3 Qe7
9.Qc1 O-O 10.d4 Nbd7 11.Qb2 Re8 12.e3 b6 13.Rfc1 Bb7 14.b4 Rab8 15.cxd5 exd5
16.Nb1 b5 17.Nc3 Nb6 18.Nd2 Rbd8 19.e4 dxe4 20.Ncxe4 Nxe4 21.Nxe4 Nc4 22.Qc3 h6
23.Nc5 a3 24.Re1 Qc7 25.Rxe8+ Rxe8 26.Re1 Rd8 27.Qf3 Rc8 28.h4 Rd8 29.h5 Bc8
30.Qxc6 Qxc6 31.Bxc6 Bf5 32.d5 Nd6 33.f3 g5 34.hxg6 Bxg6 35.Kf2 Nf5 36.Re4 Nd6
37.Re3 Nc4 38.Rc3 Nb6 39.Nb7 Ra8 40.Na5 Rd8 41.Rxa3  1-0

[Event "34th Olympiad"]
[Site "Istanbul TUR"]
[Date "2000.11.02"]
[Round "6"]
[White "Socko,B"]
[Black "Kaidanov,G"]
[Result "1/2-1/2"]
[WhiteElo "2528"]
[BlackElo "2624"]

1.Nf3 d5 2.c4 e6 3.e3 Nf6 4.b3 c5 5.g3 Nc6 6.Bg2 e5 7.cxd5 Nxd5 8.O-O Bg4
9.h3 Bh5 10.g4 Bg6 11.d4 Bxb1 12.Rxb1 Nc3 13.Qc2 cxd4 14.Ra1 Be7 15.Bb2 Rc8
16.Bxc3 dxc3 17.Qxc3 O-O 18.Rad1 Qc7 19.Nd2 Bb4 20.Qb2 Qe7 21.Nb1 a5 22.Rd5 Rfd8  1/2-1/2

[Event "34th Olympiad"]
[Site "Istanbul TUR"]
[Date "2000.11.06"]
[Round "9"]
[White "Ftacnik,L"]
[Black "Ehlvest,J"]
[Result "1-0"]
[WhiteElo "2608"]
[BlackElo "2627"]

1.Nf3 d5 2.c4 d4 3.e3 Nc6 4.Nxd4 Nxd4 5.exd4 Qxd4 6.d3 e5 7.Nc3 Ne7 8.Be3 Qd7
9.d4 Nf5 10.dxe5 Nxe3 11.fxe3 Bc5 12.Qd5 Bxe3 13.Rd1 Bg5 14.Qc5 Qe7 15.Qxe7+ Bxe7
16.Be2 O-O 17.O-O c6 18.Ne4 Be6 19.Nd6 a5 20.Rf4 f6 21.exf6 Rxf6 22.Rxf6 gxf6
23.b3 b6 24.Bf3 Rd8 25.c5 bxc5 26.Nb7 Rxd1+ 27.Bxd1 a4 28.bxa4 Bxa2 29.a5 Bc4
30.Bb3 Bxb3 31.a6 c4 32.a7  1-0

[Event "Chigorin Mem"]
[Site "St Petersburg RUS"]
[Date "2000.11.06"]
[Round "6"]
[White "Makarov,M"]
[Black "Rusanov,M"]
[Result "0-1"]
[WhiteElo "2515"]
[BlackElo "2405"]

1.Nf3 d5 2.c4 c6 3.e3 e6 4.b3 f5 5.Bb2 Nf6 6.Qc2 Bd6 7.Nc3 O-O 8.Be2 a6 9.Na4 Nbd7
10.c5 Bc7 11.Nd4 Qe7 12.b4 Ng4 13.h3 Nh6 14.O-O-O e5 15.Nb3 Qh4 16.f4 exf4
17.exf4 Qxf4 18.Nd4 Nf6 19.Nb6 Bxb6 20.cxb6 Qd6 21.g4 Ne4 22.gxf5 Bxf5 23.Rhg1 Bg6
24.d3 Nf2 25.Rd2 Nxh3 26.Rh1 Nf4 27.Qc3 Qf6 28.Bd1 Nf5 29.Nb3 Qxc3+ 30.Bxc3 Rae8
31.Nc5 Rf7 32.Bg4 Ne6 33.Re1 Rfe7 34.Rxe6 Rxe6 35.Bxf5 Bxf5 36.Nxb7 Rb8 37.Nc5 d4
38.Bxd4 Re1+ 39.Kc2 Rxb6 40.a3 Rb8 41.Bb2 Rbe8 42.Nxa6 h5 43.a4 h4 44.a5 R8e2
45.Nb8 h3 46.a6 Bc8  0-1

[Event "ch-POL Semi-Finals"]
[Site "Polanczyk POL"]
[Date "2000.11.11"]
[Round "8"]
[White "Czerwonski,A"]
[Black "Zawadzki,S"]
[Result "1-0"]
[WhiteElo "2378"]
[BlackElo "2283"]

1.Nf3 d5 2.c4 c6 3.d4 Nf6 4.Nc3 dxc4 5.a4 Bf5 6.Nh4 Bd7 7.e4 e6 8.g3 c5 9.d5 exd5
10.exd5 Bd6 11.Bg2 O-O 12.O-O h6 13.Qc2 Na6 14.Nb5 Bxb5 15.axb5 Nc7 16.Nf5 Nxb5
17.Qxc4 a6 18.Nxd6 Qxd6 19.Bf4 Qd7 20.Qxc5 Rfd8 21.Rfd1 Qf5 22.Rac1 g5 23.Be3 Rd7
24.Qc4 Re8 25.h4 Ne4 26.hxg5 hxg5 27.Qd3 Nbd6 28.g4 Qe5 29.Qd4 Nb5 30.Qxe5 Rxe5
31.Bf3 Ned6 32.Kg2 f5 33.gxf5 Nxf5 34.Bxg5 Rg7 35.Rc8+ Kh7 36.Rh1+ Kg6 37.Bf4 Ree7
38.Rf8 Ref7 39.Rxf7 Kxf7+ 40.Kf1 Ke7 41.Rh8 Kd7 42.Bh5 Nbd6 43.Be5 Re7 44.Bf6 Re4
45.f3 Rb4 46.Bg4 Rb5 47.Rh7+ Kc8 48.Be5 Rxd5 49.Bxd6  1-0

[Event "Czech Extra League 2000-1"]
[Site "CZE"]
[Date "2000.11.18"]
[Round "1"]
[White "Chloupek,S"]
[Black "Tichy,V"]
[Result "1-0"]
[WhiteElo "2326"]
[BlackElo "2317"]

1.Nf3 d5 2.c4 e6 3.g3 c5 4.cxd5 exd5 5.d4 Nc6 6.Nc3 Nf6 7.Bg2 Be7 8.O-O O-O
9.Bg5 c4 10.Ne5 Be6 11.Nxc6 bxc6 12.b3 h6 13.Bxf6 Bxf6 14.Na4 Qa5 15.e3 Rab8
16.Nc5 Rbc8 17.Qc2 cxb3 18.axb3 Qc7 19.Ra6 Bg4 20.h3 Bh5 21.Rfa1 Ra8 22.Qa2 Rfb8
23.Rxa7 Rxa7 24.Qxa7 Qxa7 25.Rxa7 Bd1 26.Ra1 Be2 27.Ra2 Bb5 28.Nd7 Re8 29.Nxf6+ gxf6
30.Bf1 Bxf1 31.Kxf1 Rc8 32.Rc2 Kf8 33.b4  1-0

[Event "Tch-ISL"]
[Site "Reykjavik ISL"]
[Date "2000.11.18"]
[Round "3"]
[White "Thorarinsson,P"]
[Black "Olafsson,H"]
[Result "0-1"]
[WhiteElo "2105"]
[BlackElo "2478"]

1.Nf3 d5 2.c4 d4 3.g3 Nc6 4.Bg2 e5 5.d3 Nf6 6.O-O a5 7.Bg5 Be7 8.Nbd2 O-O
9.b3 Bg4 10.a3 Nd7 11.Bxe7 Qxe7 12.Qc2 Rad8 13.Rfe1 Rfe8 14.h3 Bf5 15.Nh4 Be6
16.Rec1 Nc5 17.Rab1 Na6 18.Qb2 f5 19.Nhf3 Nc5 20.Qc2 e4 21.b4 exf3 22.Nxf3 Nd7
23.b5 Nce5 24.Nxd4 Nc5 25.Nxe6 Nxe6 26.Qb2 Qd6 27.Bxb7 f4 28.g4 f3 29.Bd5 Kh8
30.d4 Ng6 31.exf3 Nef4 32.Re1 Nxh3+ 33.Kg2 Ngf4+ 34.Kf1 Nd3 35.Rxe8+ Rxe8  0-1

[Event "Autumn Cup IM"]
[Site "Bucharest ROM"]
[Date "2000.11.20"]
[Round "1"]
[White "Grunberg,F"]
[Black "Vioreanu,B"]
[Result "0-1"]
[WhiteElo "2295"]
[BlackElo "2280"]

1.Nf3 d5 2.c4 c6 3.g3 Nf6 4.b3 Bg4 5.Bg2 Nbd7 6.Bb2 e6 7.O-O Bd6 8.d3 Qe7
9.a3 O-O 10.h3 Bh5 11.Nbd2 e5 12.Nh4 Bg6 13.e4 dxe4 14.dxe4 Rfd8 15.Qe2 Nc5
16.Nf5 Qe6 17.Nxd6 Qxd6 18.Rfd1 Qd3 19.Bf1 Qxe2 20.Bxe2 Rxd2 21.Rxd2 Nxb3
22.Rdd1 Nxa1 23.Bxa1 Nxe4 24.Bxe5 f6 25.Bb2 Re8 26.Bf3 Ng5 27.Bg2 Kf7 28.h4 Ne6
29.Bf3 Rd8 30.Rxd8 Nxd8 31.Bd4 a6 32.c5 Bd3 33.Bg4 f5 34.Bd1 Bc4 35.Bc2 g6
36.h5 Ke6 37.hxg6 hxg6 38.Bd1 Nf7 39.f4 Nh6 40.Kf2 Kd5 41.Bg7 Ng4+ 42.Bxg4 fxg4
43.Bf8 Kd4 44.Be7 Bd5 45.Bd6 Kc4 46.Ke3 Kb3 47.Kd3 Kxa3 48.Kc3 Ka4 49.Bc7 Kb5
50.Bb6 a5 51.Ba7 a4 52.Bb6 a3 53.Ba7 a2 54.Kb2 Bb3 55.Bb6 Kc4 56.Ba7 Kd4
57.Bb6 Bf7 58.Ka1 Ke4 59.Bc7 Kf3 60.f5 gxf5 61.Bd6 Ke4 62.Bf4 Kd4 63.Bd6 f4
64.Bxf4 Kxc5 65.Bc7 b5 66.Be5 Kc4 67.Kxa2 b4 68.Kb2 Kb5 69.Kc2 c5 70.Kb2 c4
71.Kc2 Ka4 72.Kb2 c3+ 73.Kc2 Bg6+ 74.Kc1 Kb3 75.Bd6 Kc4  0-1

[Event "Tenkes Kupa"]
[Site "Harkany HUN"]
[Date "2000.11.20"]
[Round "5"]
[White "Percze,J"]
[Black "Frank,J1"]
[Result "1/2-1/2"]
[WhiteElo "2241"]
[BlackElo "2081"]

1.Nf3 d5 2.c4 c6 3.b3 Nf6 4.Bb2 g6 5.g3 Bg7 6.Bg2 O-O 7.O-O Na6 8.d3 Re8
9.Nbd2 Bf5 10.Rc1 Nc7 11.Qc2 Rc8 12.Rfe1 Bg4 13.h3 Bxf3 14.Nxf3 Nd7 15.d4 e5
16.cxd5 Nxd5 17.e4 N5b6 18.Rcd1 exd4 19.Nxd4 Qc7 20.f4 Nf6 21.Bf3 h5 22.e5 Nfd5
23.h4 Qd7 24.Kh2 Qc7 25.a3 Rcd8 26.b4 Qe7 27.f5 Bxe5 28.Nxc6 Qc7 29.Rxe5 Qxc6
30.Qe2 Rxe5 31.Qxe5 f6 32.Qd4 Qc2+ 33.Rd2 Qxf5 34.Be4 Qg4 35.Qd3 Kg7 36.Rc2 Rd7
37.Bf3 Qe6 38.Re2 Qf7 39.Qd2 Nc4  1/2-1/2

[Event "Autumn Cup IM"]
[Site "Bucharest ROM"]
[Date "2000.11.25"]
[Round "6"]
[White "Grunberg,F"]
[Black "Marin,L"]
[Result "0-1"]
[WhiteElo "2295"]
[BlackElo "2187"]

1.Nf3 d5 2.c4 c6 3.g3 Nf6 4.Bg2 dxc4 5.a4 g6 6.O-O Bg7 7.Na3 Qd5 8.Qc2 Be6
9.h4 Qe4 10.Re1 Bd5 11.d3 cxd3 12.exd3 Qf5 13.Nc4 O-O 14.Ne3 Qc8 15.Nxd5 Nxd5
16.Ng5 Qd7 17.h5 Na6 18.Bd2 Ndb4 19.Bxb4 Nxb4 20.Qc4 Nxd3 21.Rad1 Qf5 22.Rxd3 Qxg5
23.hxg6 hxg6 24.Rd7 Bxb2 25.Rexe7 Qf6 26.Bh3 Rae8 27.Rxe8 Rxe8 28.Rxb7 Bd4
29.Qa2 Qf3 30.Bg2 Re1+ 31.Kh2 Qf6 32.Rb1 Rxb1 33.Qxb1 Qxf2 34.Qe4 c5 35.Qa8+ Kg7
36.Qb7 c4 37.Qc6 c3 38.Kh3 c2 39.Be4 Qf1+  0-1

[Event "72nd ch-GER"]
[Site "Seebad Heringsdorf GER"]
[Date "2000.11.25"]
[Round "9"]
[White "Bunzmann,D"]
[Black "Rabiega,R"]
[Result "0-1"]
[WhiteElo "2484"]
[BlackElo "2487"]

1.Nf3 d5 2.c4 e6 3.b3 c5 4.Bb2 Nc6 5.e3 d4 6.exd4 cxd4 7.g3 e5 8.d3 Nf6 9.Bg2 Bb4+
10.Nbd2 Bf5 11.Qe2 O-O 12.O-O Bc3 13.Rab1 Qa5 14.Bxc3 dxc3 15.Ne4 Nxe4 16.dxe4 Bg4
17.Qe3 Rad8 18.b4 Qxa2 19.Qxc3 Nd4 20.Nxd4 Rxd4 21.c5 a6 22.c6 bxc6 23.Qxc6 Rfd8
24.h3 Be2 25.Rfe1 Bb5 26.Qc7 Rd2 27.Rbc1 h6 28.Qc5 R8d4 29.Qc8+ Rd8 30.Qc5 Kh7
31.Rc3 R8d4 32.Rf3 Qe6 33.Qf8 Bc4 34.Rc3 Rb2 35.Rec1 Rdd2 36.Rf3 f6 37.Rf5 Qb6
38.Qc5 Qxc5 39.bxc5 Rbc2 40.Rxc2 Rxc2 41.Rf3 Bb5 42.Ra3 Rxc5  0-1

[Event "1st It"]
[Site "Odivelas POR"]
[Date "2000.12.01"]
[Round "4"]
[White "Roeder,M"]
[Black "Santos,AP"]
[Result "1-0"]
[WhiteElo "2467"]
[BlackElo "2272"]

1.Nf3 d5 2.c4 c6 3.e3 Nf6 4.Nc3 g6 5.d4 Bg7 6.Be2 O-O 7.O-O e6 8.Qc2 Nbd7
9.Rd1 Qc7 10.b3 dxc4 11.bxc4 e5 12.a4 a6 13.Ba3 c5 14.dxc5 Nxc5 15.Nd5 Nxd5
16.cxd5 b6 17.a5 Bf5 18.axb6 Bxc2 19.bxc7 Bxd1 20.Rxd1 Nd7 21.Bxf8 Kxf8 22.Bxa6  1-0